| 000 | 01788nam0a2200325 4500 | ||
|---|---|---|---|
| 001 | RU\NLR\bibl\1114003 | ||
| 005 | 20260407163009.0 | ||
| 010 |
_a5-91138-012-9 _9500 |
||
| 021 |
_aRU _b2007-41962 _92247 |
||
| 035 | _a(NLR Aleph) 001101018 | ||
| 090 |
_a1178277 _c1178277 |
||
| 100 | _a20070801d2006 |||y0rusy50 ca | ||
| 101 | 0 | _arus | |
| 102 | _aRU | ||
| 105 | _ay ||||||||| | ||
| 200 | 1 |
_aТеория и практика земельных и имущественных отношений Республики Саха (Якутия) _eматериалы научно-практической конференции, (14 декабря 2006 г., г. Якутск) _f[редкол.: В.С. Афанасьев (отв. ред.) и др.] |
|
| 210 |
_aЯкутск _cИзд-во ЯНЦ СО РАН _d2006 |
||
| 215 |
_a88 с. _d20 |
||
| 300 | _aВ наздаг.: Правительство Респ. Саха (Якутия), М-во имуществ. отношений Респ. Саха (Якутия) | ||
| 320 | _aБиблиогр. в подстроч. прим. | ||
| 606 | 1 |
_aЗемельная собственность _jСъезды, совещания и т.п. _xПравовые вопросы _yСаха (Якутия), Республика _92484846 _3RU\NLR\auth\661474806 |
|
| 686 | _aХ625.0я431 | ||
| 686 | _aХ625.23я431 | ||
| 702 | 1 |
_4340 _7ca _8rus _aАфанасьев _bВ. С. _cд-р юрид. наук _gВладимир Сергеевич _910375 _3RU\NLR\auth\7727341 |
|
| 712 | 0 | 1 |
_4570 _aРеспублика Саха (Якутия) _bМинистерство имущественных отношений _9704126 _3RU\NLR\AUTH\8810101659 |
| 801 | 0 |
_aRU _bNLR _c20070801 _gRCR |
|
| 801 | 1 |
_aRU _bNLR _c20070801 |
|
| 942 | _cBOOK | ||
| 980 | _aNB | ||